Endemic Birds of New Zealand - Statistics

General Stats
  • This quiz has been taken 23 times
  • The average score is 18 of 95
Answer Stats
Answer % Correct
New Zealand kaka
88%
Kea
81%
Tūī
75%
Kakapo
63%
New Zealand pigeon
63%
South Island Takahē
63%
New Zealand fantail
56%
Yellow-eyed penguin
56%
New Zealand falcon
50%
North Island saddleback
50%
South Island saddleback
50%
Weka
50%
Blue duck
44%
Little spotted kiwi
44%
Stitchbird
44%
Great spotted kiwi
38%
Tomtit
38%
Yellowhead
38%
North Island brown kiwi
31%
North Island kōkako
31%
North Island robin
31%
South Island Kōkako
31%
South Island robin
31%
Bellbird
25%
Black robin
25%
Grey warbler
25%
Okarito brown kiwi
25%
Riflemen
25%
Southern brown kiwi
25%
Whitehead
25%
Black stilt
19%
Brown teal
19%
Chatham Island parakeet
19%
Chatham Island warbler
19%
New Zealand dotterel
19%
Orange-fronted parakeet
19%
Red-fronted parakeet
19%
Rock wren
19%
Yellow-crowned parakeet
19%
Brown creeper
13%
Chatham Island pigeon
13%
Chatham Island shag
13%
Chatham Island snipe
13%
Fiordland crested penguin
13%
Huia
13%
Laughing owl
13%
North Island takahē
13%
Paradise shelduck
13%
Antipodes Island parakeet
6%
Antipodes snipe
6%
Auckland rail
6%
Auckland teal
6%
Black-billed gull
6%
Bushwren
6%
Campbell Island snipe
6%
Campbell Island teal
6%
Chatham Island oystercatcher
6%
Chatham Island rail
6%
Foveaux shag
6%
King shag
6%
Lyall's wren
6%
New Zealand scaup
6%
North Island piopio
6%
North Island snipe
6%
Otago shag
6%
Pitt shag
6%
Reischek's parakeet
6%
Shore plover
6%
South Island piopio
6%
South Island snipe
6%
Spotted shag
6%
Subantarctic snipe
6%
Wrybill
6%
Auckland Island merganser
0%
Auckland Island shag
0%
Auckland Island shag
0%
Black-fronted tern
0%
Bounty Island shag
0%
Campbell Island shag
0%
Chatham Island bellbird
0%
Chatham Island crested penguin
0%
Chatham Island fernbird
0%
Dieffenbach's rail
0%
Fernbird
0%
Hawkin's rail
0%
Hodgen's waterhen
0%
Long-tailed cuckoo
0%
New Zealand bittern
0%
New Zealand grebe
0%
New Zealand quail
0%
Pipit
0%
Red-billed gull
0%
Snares snipe
0%
South Island pied oystercatcher
0%
Variable oystercatcher
0%
No matching quizzes found
Score Distribution
Percent of People with Each Score
Percentile by Number Answered
Your Score History
You have not taken this quiz